<?xml version="1.0" encoding="UTF-8"?>
<record
    xmlns:xsi="http://www.w3.org/2001/XMLSchema-instance"
    xsi:schemaLocation="http://www.loc.gov/MARC21/slim http://www.loc.gov/standards/marcxml/schema/MARC21slim.xsd"
    xmlns="http://www.loc.gov/MARC21/slim">

  <leader>00788nam a22002177a 4500</leader>
  <controlfield tag="005">20250224212536.0</controlfield>
  <controlfield tag="008">220207b           ||||| |||| 00| 0 eng d</controlfield>
  <datafield tag="017" ind1=" " ind2=" ">
    <subfield code="a">2019-2161</subfield>
  </datafield>
  <datafield tag="020" ind1=" " ind2=" ">
    <subfield code="a">9789789632923</subfield>
  </datafield>
  <datafield tag="040" ind1=" " ind2=" ">
    <subfield code="a">NLN</subfield>
    <subfield code="b">English</subfield>
    <subfield code="d">NLN</subfield>
  </datafield>
  <datafield tag="050" ind1=" " ind2=" ">
    <subfield code="a">DT515.83.A235</subfield>
    <subfield code="b">A228</subfield>
  </datafield>
  <datafield tag="082" ind1=" " ind2=" ">
    <subfield code="a">922.89</subfield>
  </datafield>
  <datafield tag="100" ind1=" " ind2=" ">
    <subfield code="a">ADELEYE, Kehinde O.</subfield>
    <subfield code="e">aut</subfield>
    <subfield code="9">17138</subfield>
  </datafield>
  <datafield tag="245" ind1=" " ind2=" ">
    <subfield code="a">An exceptional grace of a seeing blindman :</subfield>
    <subfield code="b">the biography of Pastor/Evangelist Michael Olaosebikan Adio /</subfield>
    <subfield code="c">Kehinde O. Adeleye</subfield>
  </datafield>
  <datafield tag="260" ind1=" " ind2=" ">
    <subfield code="a">Ikeja, Lagos State (Plot A, Oluwalogbon House, Obafemi Awolowo Way):</subfield>
    <subfield code="b">Akoosa Publishers,</subfield>
    <subfield code="c">2017</subfield>
  </datafield>
  <datafield tag="300" ind1=" " ind2=" ">
    <subfield code="a">131p.:</subfield>
    <subfield code="b">ports.; 21cm</subfield>
  </datafield>
  <datafield tag="563" ind1=" " ind2=" ">
    <subfield code="a">(pbk)</subfield>
  </datafield>
  <datafield tag="650" ind1=" " ind2=" ">
    <subfield code="a">Adio, Michael Olaosebikan, 1937 -</subfield>
    <subfield code="9">17139</subfield>
  </datafield>
  <datafield tag="650" ind1=" " ind2=" ">
    <subfield code="a">Christ Apostolic Church</subfield>
    <subfield code="v">Clergy </subfield>
    <subfield code="x">Biography</subfield>
    <subfield code="9">17478</subfield>
  </datafield>
  <datafield tag="942" ind1=" " ind2=" ">
    <subfield code="c">BK</subfield>
  </datafield>
  <datafield tag="999" ind1=" " ind2=" ">
    <subfield code="c">8816</subfield>
    <subfield code="d">8816</subfield>
  </datafield>
  <datafield tag="952" ind1=" " ind2=" ">
    <subfield code="0">0</subfield>
    <subfield code="1">0</subfield>
    <subfield code="2">lcc</subfield>
    <subfield code="4">0</subfield>
    <subfield code="7">0</subfield>
    <subfield code="a">EDO</subfield>
    <subfield code="b">MAIN</subfield>
    <subfield code="d">2022-02-07</subfield>
    <subfield code="i">240447</subfield>
    <subfield code="l">0</subfield>
    <subfield code="o">DT515.83.A235 A228</subfield>
    <subfield code="p">2022-0009</subfield>
    <subfield code="r">2022-02-07 00:00:00</subfield>
    <subfield code="t">1</subfield>
    <subfield code="y">BK</subfield>
  </datafield>
  <datafield tag="952" ind1=" " ind2=" ">
    <subfield code="0">0</subfield>
    <subfield code="1">0</subfield>
    <subfield code="2">lcc</subfield>
    <subfield code="4">0</subfield>
    <subfield code="7">0</subfield>
    <subfield code="a">LAF</subfield>
    <subfield code="b">MAIN</subfield>
    <subfield code="d">2022-02-07</subfield>
    <subfield code="i">240446</subfield>
    <subfield code="l">0</subfield>
    <subfield code="o">DT515.83.A235 A228</subfield>
    <subfield code="p">2022-0010</subfield>
    <subfield code="r">2022-02-07 00:00:00</subfield>
    <subfield code="t">1</subfield>
    <subfield code="y">BK</subfield>
  </datafield>
  <datafield tag="952" ind1=" " ind2=" ">
    <subfield code="0">0</subfield>
    <subfield code="1">0</subfield>
    <subfield code="2">lcc</subfield>
    <subfield code="4">0</subfield>
    <subfield code="7">0</subfield>
    <subfield code="a">KAT</subfield>
    <subfield code="b">MAIN</subfield>
    <subfield code="d">2022-03-08</subfield>
    <subfield code="i">240449</subfield>
    <subfield code="l">0</subfield>
    <subfield code="o">DT515.83.A235 A228</subfield>
    <subfield code="p">2022-1422</subfield>
    <subfield code="r">2022-03-08 00:00:00</subfield>
    <subfield code="t">1</subfield>
    <subfield code="w">2022-03-08</subfield>
    <subfield code="y">BK</subfield>
  </datafield>
</record>
